General of Salvation Army - Statistics

General Stats
  • This quiz has been taken 14 times
  • The average score is 5 of 21
Answer Stats
Hint Answer % Correct
1st William Booth
100%
21th Brian Peddle
58%
16th John Gowans
58%
17th John Larsson
58%
19th Linda Bond
58%
18th Shaw Clifton
50%
20th Andre Cox
42%
14th Bramwell Tillsley
33%
15th Paul Rader
33%
6th Albert Orsborn
8%
3rd Edward Higgins
8%
9th Erik Wickberg
8%
5th George Carpenter
8%
12th Jarl Wahlström
8%
11th Arnold Brown, OC
0%
2nd Bramwell Booth, CH
0%
10th Clarence Wiseman, OC
0%
13th Eva Burrows, AC
0%
4th Evangeline Booth, OF
0%
8th Frederick Coutts, CBE
0%
7th Wilfred Kitching, CBE
0%
No matching quizzes found
Score Distribution
Percent of People with Each Score
Percentile by Number Answered
Your Score History
You have not taken this quiz